[Event "Montreal Pere Noel U1800"]
[Site "Montreal"]
[Date "2016.12.30"]
[Round "5.27"]
[White "Chang, Alexander Rz"]
[Black "Guzman, Marcelo"]
[Result "1-0"]
[WhiteElo "1393"]
[BlackElo "1535"]
[PlyCount "61"]
[EventDate "2016.12.26"]
[EventType "swiss"]
[EventRounds "5"]
[EventCountry "CAN"]
[SourceTitle "EXT 2022"]
[Source "ChessBase"]
[SourceDate "2021.10.06"]
[SourceVersion "1"]
[SourceVersionDate "2021.10.06"]
[SourceQuality "1"]

1. e4 c6 2. d4 d5 3. exd5 cxd5 4. Bd3 Nf6 5. h3 Nc6 6. Nf3 Nb4 7. Be2 Bf5 8. Na3 h6 9. 0-0 e6 10. Bf4 a6 11. c3 Nc6 12. Nc2 Qb6 13. Rb1 Be7 14. Bd3 Be4 15. Re1 Qd8 16. Be5 Bd6 17. Bxf6 Qxf6 18. Bxe4 dxe4 19. Rxe4 Ne7 20. Nce1 Rc8 21. Nd3 Nd5 22. Qb3 Qe7 23. Rbe1 0-0 24. Qxd5 exd5 25. Rxe7 Bxe7 26. Rxe7 Rb8 27. Nfe5 Rfe8 28. Rxe8+ Rxe8 29. Kf1 f6 30. Nd7 Re7 31. Nb6 1-0